LEADER 00875nam0-2200313---450- 001 990010047050403321 005 20160229155139.0 010 $a978-88-495-2554-0 035 $a001004705 035 $aFED01001004705 035 $a(Aleph)001004705FED01 035 $a001004705 100 $a20160229d----2012km-y0itay50------ba 101 0 $aita 102 $aIT 105 $ay-------001yy 200 1 $aLicenziamento collettivo e tecniche di tutela$fLucia Venditti 210 $aNapoli$cEdizioni Scientifiche Italiane$d2012 215 $a177 p.$d24 cm 225 1 $aQuaderni de "Il diritto del mercato del lavoro"$v7 610 0 $aLicenziamento$aLegislazione 676 $a344.45012596 700 1$aVenditti,$bLucia 801 0$aIT$bUNINA$gRICA$2UNIMARC 901 $aBK 912 $a990010047050403321 952 $aQUA.DML-7$fDDRC 959 $aDDRC 997 $aUNINA LEADER 02774nam 22005653 450 001 9910164953003321 005 20241107102040.0 010 $a0-698-19400-4 035 $a(CKB)3710000001064313 035 $a(MiAaPQ)EBC6050116 035 $a(Au-PeEL)EBL6050116 035 $a(OCoLC)974003350 035 $a(ODN)ODN0002560615 035 $a(EXLCZ)993710000001064313 100 $a20210901d2017 uy 0 101 0 $aeng 135 $aurcnu|||||||| 181 $ctxt$2rdacontent 182 $cc$2rdamedia 183 $acr$2rdacarrier 200 10$aWait for Dark 205 $a1st ed. 210 $d2017 210 1$aEast Rutherford :$cPenguin Publishing Group,$d2017. 210 4$dİ2017. 215 $a1 online resource (221 pages) 225 1 $aBishop/Special Crimes Unit ;$vv.17 311 08$a0-425-28094-2 330 $a"An SCU team investigates a string of accidents, only to uncover a deadly and deliberate monster in the latest novel from New York Times bestselling author Kay Hooper. In Clarity, North Carolina, the residents have fallen victim to an unfortunate series of events. Seemingly random accidents have taken the lives of several citizens in the small mountain town. But these deadly coincidences are anything but. Something is on the hunt in Clarity, and the only clue as to what is a cryptic note given to the victims 24 hours before they meet their ends: "Wait for dark." Sheriff Mal Gordon knows how to handle his town, but he has no idea how to handle this. Hollis Templeton and her team from the Special Crimes Unit, including her partner and lover, telepath Reese DeMarco, are called in to investigate. But while the SCU has prepared them for the unknown, the incredible evil stalking Clarity shakes the team to its core when one of their own is targeted. Now Hollis, the "cat with nine lives" finds herself facing death again. And this time, not even her partner can protect her."--$cProvided by publisher. 410 0$aBishop/Special Crimes Unit 606 $aGovernment investigators$vFiction 606 $aMurder$xInvestigation$zNorth Carolina$vFiction 606 $aFICTION / Suspense$2bisacsh 606 $aFICTION / Mystery & Detective / Police Procedural$2bisacsh 608 $aMystery fiction.$2gsafd 608 $aSuspense fiction.$2gsafd 615 0$aGovernment investigators 615 0$aMurder$xInvestigation 615 7$aFICTION / Suspense. 615 7$aFICTION / Mystery & Detective / Police Procedural. 676 $a813.6 686 $aFIC030000$aFIC022020$2bisacsh 700 $aHooper$b Kay$01247522 801 0$bMiAaPQ 801 1$bMiAaPQ 801 2$bMiAaPQ 906 $aBOOK 912 $a9910164953003321 996 $aWait for Dark$92891934 997 $aUNINA